00774nam a22002057a 45000050016000000080041000160100015000570200027000720350013000990370018001120820012001301000019001422450094001612600035002552700083002903000045003734900038004185000054004565000058005102012082903243.0120829t xxu||||| |||| 00| 0 eng d aENG-105687 a9788189738761c2500.00 aEN-89220 bDBAD/PUBaDPL a759.9541 aGoswamy, B. N.10aNainsukh of Guler :ba great Indian painter from a small hill state /cby B. N. Goswamy  aNew Delhi bNiyogi Booksc2011 aD-78, Okhla Industrial Area, Phase-ibNew Delhie110020mniyogibooks@gmail.com a304 p. :bill. (chiefly col.) c31cm(Hb) aArtibus Asiae. Supplementum ; XLI aIncludes bibliographical references (p. 301-304). aOriginally published: Zürich : Artibus Asiae, 1997.